000 00491nam a22001817a 4500
003 OSt
005 20250701134831.0
008 250701b |||||||| |||| 00| 0 eng d
020 _a9781032576015
040 _cN/A
050 _aLB 1027.3
_bJ69
100 _aBruce Joyce and Emily Calhoun
245 _aModels of Teaching .
_cJoyce, Bruce.
250 _aTenth Edition.
260 _aNewYork
_bRoutledge Taylor & Francis Group.
_c2025
300 _a Viii:403 pages; ill
942 _2lcc
_cBK
999 _c264925
_d264924